000 00740nam a22002057a 4500
999 _c20155
_d20155
003 AR-CdUCM
008 190527b ||||| |||| 00| 0 spa d
040 _aMUNICIPALIDAD PROVINCIAL DEL CUSCO
_cBIBLIOTECA MUNICIPAL DEL CUSCO
082 _a348.41 /
_bR21
100 _aRamírez Muñoz, David L.
_942146
245 _aProcedimientos en el fuero privativo agrario del Perú /
260 _aLima :
_bCavorr,
_c1874.
300 _a334 páginas ;
_c22 cm.
505 _aContenido: Competencia del fuero privativo agrario -- Procedimientos -- Procedimiento común agrario...
650 _aDerecho procesal rural
_942147
650 _aPrincipios jurídicos
_938347
650 _aPerú
_935
942 _2ddc
_cLIBROS
945 _adavv
_d2019-05-27